Familienformen im sozialen Wandel
Αποθηκεύτηκε σε:
| Κύριος συγγραφέας: | |
|---|---|
| Μορφή: | Βιβλίο |
| Γλώσσα: | German |
| Δημοσίευση: |
Wiesbaden :
VS, Verl. fur Sozialwiss.,
2005
|
| Έκδοση: | 6. Aufl. |
| Σειρά: | Lehrbuch
|
| Θέματα: | |
| Ετικέτες: |
Προσθήκη ετικέτας
Δεν υπάρχουν, Καταχωρήστε ετικέτα πρώτοι!
|
MARC
| LEADER | 00000nam a2200000 i 4500 | ||
|---|---|---|---|
| 001 | 1/85135 | ||
| 008 | 080515s2005 ger d | ||
| 020 | |a 978-3-531-14681-2 | ||
| 020 | |a 3-531-14681-5 | ||
| 035 | |l 10097349 | ||
| 040 | |a GR-MY-UA |b gre |e aacr | ||
| 041 | 0 | |a ger | |
| 082 | 0 | |a 306.850943 |2 (22) | |
| 100 | 1 | |a Peuckert, Rudiger. | |
| 245 | 1 | 0 | |a Familienformen im sozialen Wandel / |c Rudiger Peuckert |
| 250 | |a 6. Aufl. | ||
| 260 | |a Wiesbaden : |b VS, Verl. fur Sozialwiss., |c 2005 | ||
| 300 | |a 496 σ.; |b εικ.; |c 21 εκ. | ||
| 490 | 1 | |a Lehrbuch | |
| 504 | |a Βιβλιογραφία: σ. 439-482 | ||
| 504 | |a Περιέχει ευρετήρια | ||
| 650 | 0 | 0 | |a Family |z Germany. |
| 650 | 0 | 0 | |a Family. |
| 650 | 0 | 0 | |a Family life surveys. |
| 830 | 0 | |a Lehrbuch | |
| 852 | |a INST |b LESVOS |e 20080515 |h 306.850943 PEU |p 005100042389 |q 005100042389 |t BK |y 0 | ||
| 901 | |a BIBL1-2008-2 | ||
| 909 | |a Λ |b 143342 | ||
| 922 | |a 1ΕΛΗ |b 200712 |c ΕΠΕΑΕΚ2/ΤΚ |d ΕΛΕΥΘΕΡΟΥΔΑΚΗΣ | ||
| 970 | |a ΓΙΑΛΑΜΑ |b ΜΑΡΙΑ |z 2008/05/15 | ||